Ejercicios de derecho penal parte general : material de trabajos prácticos /

Guardado en:
Autor Principal: Pazos Crocitto, José Ignacio.
Otros Autores: López Camelo, Raúl Guillermo.
Formato: Libro
Idioma:Undetermined
Publicado: Bahía Blanca : Induvio Profesional, 2011.
Edición:1a. ed.
Materias:
Etiquetas: Agregar Etiqueta
Sin Etiquetas, Sea el primero en etiquetar este registro!
LEADER 00682nam a22001935a 4500
001 DER.der015009
008 240702s2011####ag############000#0#und#d
005 20241202121038.0
245 1 0 |a Ejercicios de derecho penal parte general :  |b material de trabajos prácticos /  |c José Ignacio Pazos Crocitto, Raúl Guillermo López Camelo. 
250 |a 1a. ed. 
260 |a Bahía Blanca :  |b Induvio Profesional,  |c 2011. 
300 |a 414 p. 
020 |a 9789871519224 
100 1 |a Pazos Crocitto, José Ignacio. 
700 1 |a López Camelo, Raúl Guillermo. 
700 1 |a Arrué, Federico,  |e col. 
650 7 |a DERECHO PENAL 
650 7 |a PRACTICA PENAL 
859 |a DERECHO  |b BIB. DERECHO  |h 345  |i PAZ  |p 0010449